Guess the Belgian cities from the pictures - Statistics

General Stats
  • This quiz has been taken 36 times
  • The average score is 10 of 16
Answer Stats
Picture Answer % Correct
Brussels
100%
Antwerp
97%
Ghent
97%
Bruges
88%
Ostend
88%
Dinant
71%
Liege
65%
Waterloo
62%
Namur
59%
Leuven
56%
Kortrijk
53%
Mons
50%
Mechelen
47%
Charleroi
38%
Louvain-la-Neuve
21%
Halle
12%
No matching quizzes found
Score Distribution
Percent of People with Each Score
Percentile by Number Answered
Your Score History
You have not taken this quiz